000 00585nam a2200169Ia 4500
008 180921t2021 xxu||||| |||| 00| 0 sin d
041 _asin
080 _a8-31
_bජාකොබ්
100 _aජාකෝබ්ස්, ජාකෝ
245 _aගස් නගින්න කියාපු දවස
260 _bග්‍රැෆිකෙයා
_aරාජගිරිය
_c2021
300 _aසෙ.මි.19, පි.228
700 _aචූලානන්ද සමරනායක
_eපරි.
942 _cBK
999 _c11037
_d11037
003 LK-CoDNM
040 _aLK-CoDNM
_dLK-CoDNM
_eLK-CoDNM